000 00657nam a22002297a 4500
003 UA-OsUOA
001 24096
007 ta
008 20040206b un ||||| |||| 00| 0 ukr d
090 _a321.01
_bС59
942 _cBK
040 _aUA-OsUOA
_brus
_cUA-OsUOA
_dUA-OsUOA
245 _aСокращение роли государства
_bГосударственое упрвление и устойчивое человеческое развитие
300 _a139 с.
955 _a0
041 _arus
080 _a321.01
260 _aМосква
_bПрава человека
_c1997
044 _aRU
650 7 _2UDC
999 _c310360
_d310360